| 000 | 00507nam a22001817a 4500 | ||
|---|---|---|---|
| 003 | CEME | ||
| 005 | 20210628202144.0 | ||
| 008 | 210226b xxu||||| |||| 00| 0 eng d | ||
| 020 | _a0-03-027157-6 | ||
| 040 | _c. | ||
| 082 | _a530 SER | ||
| 100 |
_aJewett, J.W Serway, Raymond.A _958492 |
||
| 245 | _aPrinciples of physics, va calculus based text | ||
| 260 |
_aNEW YORK _bHARCOURT COLLEGE PUBLISHER _c2002 |
||
| 300 | _aXXXII,1267P | ||
| 650 |
_aPHYSICS-A CALCULUS BASED TEXT _958493 |
||
| 942 |
_cBK _2ddc |
||
| 999 |
_c568685 _d568685 |
||